| 000 | 00426cam a2200169ua 4500 | ||
|---|---|---|---|
| 020 | _c1.00 | ||
| 041 |
_amal _h |
||
| 082 |
_a894.8122 _bOMC/EE |
||
| 100 | _aOmcheri, . | ||
| 245 |
_aEe Velicham Ningalkullathakunnu / _cOmcheri. _hTextual Documents |
||
| 260 |
_aKollam : _bSree Rama vilasam press and book depot , _c1963. |
||
| 300 | _a50 ; . | ||
| 365 | _a1.00 | ||
| 504 | _a | ||
| 942 | _cBK | ||
| 999 |
_c1150 _d1150 |
||